Movies of Matthew Fox (as of Aug 2014) - Statistics

General Stats
  • This quiz has been taken 14 times
  • The average score is 2 of 8
Answer Stats
Hint Answer % Correct
2012 Alex Cross
79%
2008 Speed Racer
36%
2006 We Are Marshall
29%
2006 Smokin' Aces
21%
2008 Vantage Point
21%
2013 World War Z
21%
2012 Emperor
7%
1993 My Boyfriend's Back
7%
No matching quizzes found
Score Distribution
Percent of People with Each Score
Percentile by Number Answered
Your Score History
You have not taken this quiz